International Accounting / (Record no. 16646)
[ view plain ]
| 000 -LEADER | |
|---|---|
| fixed length control field | 00818cam a2200253 a 4500 |
| 001 - CONTROL NUMBER | |
| control field | 15403497 |
| 005 - DATE AND TIME OF LATEST TRANSACTION | |
| control field | 20130821135735.0 |
| 008 - FIXED-LENGTH DATA ELEMENTS--GENERAL INFORMATION | |
| fixed length control field | 080807s2011maua |rb 001 0deng d |
| 010 ## - LIBRARY OF CONGRESS CONTROL NUMBER | |
| LC control number | 2008035138 |
| 020 ## - INTERNATIONAL STANDARD BOOK NUMBER | |
| International Standard Book Number | 0071086315 |
| 020 ## - INTERNATIONAL STANDARD BOOK NUMBER | |
| International Standard Book Number | 9780071086318 |
| 082 00 - DEWEY DECIMAL CLASSIFICATION NUMBER | |
| Classification number | 657.96 |
| Edition number | 22 |
| Item number | DOU |
| 100 1# - MAIN ENTRY--PERSONAL NAME | |
| Personal name | Doupnik, Timothy S. |
| 9 (RLIN) | 22502 |
| 245 10 - TITLE STATEMENT | |
| Title | International Accounting / |
| Statement of responsibility, etc | Timothy Doupnik, Hector Perera. |
| 250 ## - EDITION STATEMENT | |
| Edition statement | 3rd ed. |
| 260 ## - PUBLICATION, DISTRIBUTION, ETC. (IMPRINT) | |
| Place of publication, distribution, etc | Boston ; |
| -- | London : |
| Name of publisher, distributor, etc | McGraw-Hill Irwin, |
| Date of publication, distribution, etc | 2009. |
| 300 ## - PHYSICAL DESCRIPTION | |
| Extent | xviii, 793 p. : |
| Other physical details | ill. ; |
| Dimensions | 26 cm. |
| 504 ## - BIBLIOGRAPHY, ETC. NOTE | |
| Bibliography, etc | Includes bibliographical references: p.770-772 and index. |
| 541 ## - IMMEDIATE SOURCE OF ACQUISITION NOTE | |
| Source of acquisition | Baccah ; |
| 650 #0 - SUBJECT ADDED ENTRY--TOPICAL TERM | |
| Topical term or geographic name as entry element | International business enterprises |
| General subdivision | Accounting. |
| 9 (RLIN) | 22503 |
| 653 ## - INDEX TERM--UNCONTROLLED | |
| Resource For college | |
| Arrived date list | April2012 |
| 700 1# - ADDED ENTRY--PERSONAL NAME | |
| Personal name | Perera, Hector |
| Relator term | Author |
| 9 (RLIN) | 22504 |
| 942 ## - ADDED ENTRY ELEMENTS (KOHA) | |
| Source of classification or shelving scheme | Dewey Decimal Classification |
| Item type | Book - Borrowing |
| Withdrawn status | Item status | Source of classification or shelving scheme | Damaged status | Not for loan | Vendor | Home library | Current library | Shelving location | Date acquired | Source of acquisition | Total Checkouts | Total Renewals | Full call number | Barcode | Date last seen | Date last borrowed | Koha item type | Cost, normal purchase price | Cost, replacement price |
|---|---|---|---|---|---|---|---|---|---|---|---|---|---|---|---|---|---|---|---|
| Dewey Decimal Classification | Baccah | Central Library | Central Library | First floor | 11/04/2012 | 10 | 71 | 657.96 DOU | 000026638 | 15/07/2025 | 13/05/2019 | Book - Borrowing | |||||||
| Dewey Decimal Classification | Baccah | Central Library | Central Library | First floor | 11/04/2012 | 6 | 657.96 DOU | 000026637 | 15/07/2025 | 19/05/2013 | NB - Book (Non borrowing) | ||||||||
| Dewey Decimal Classification | Baccah | Central Library | Central Library | First floor | 11/04/2012 | 12 | 74 | 657.96 DOU | 000026636 | 15/07/2025 | 11/02/2020 | Book - Borrowing | |||||||
| Lost and Paid For | Dewey Decimal Classification | Baccah | Central Library | Central Library | First floor | 11/04/2012 | 8 | 69 | 657.96 DOU | 000026634 | 01/04/2019 | 10/07/2017 | Book - Borrowing | 500.00 | 625.00 | ||||
| Dewey Decimal Classification | Baccah | Central Library | Central Library | First floor | 11/04/2012 | 13 | 75 | 657.96 DOU | 000026631 | 15/07/2025 | 15/08/2018 | Book - Borrowing |